Dlhopisy akciovej spoločnosti Matador, a.s. Púchov

Akciová spoločnosť Matador Púchov financuje modernizáciu výroby dopravných pásov emisiou dlhopisov za 200 mil. Sk. Predmet podnikania spoločnosti. Inovačné zámery. Cenné papiere. Majetková a kapitálová štruktúra spoločnosti. Výnosy, náklady a zisk. Vývoj bilancie zdrojov a potrieb.

Guardado en:
Detalles Bibliográficos
Autor principal: Žitňanský, Eduard
Otros Autores: Kukučka, J., Kšinský, J.
Formato: Capítulo de libro
Lenguaje:eslovaco
Materias:
Etiquetas: Agregar Etiqueta
Sin Etiquetas, Sea el primero en etiquetar este registro!

MARC

LEADER 00000naa a2200000 4500
001 r018814
005 20221205102915.3
041 0 |a slo 
044 |a SK 
245 1 0 |a Dlhopisy akciovej spoločnosti Matador, a.s. Púchov  |c Eduard Žitňanský, J. Kukučka, J. Kšinský 
520 |a Akciová spoločnosť Matador Púchov financuje modernizáciu výroby dopravných pásov emisiou dlhopisov za 200 mil. Sk. Predmet podnikania spoločnosti. Inovačné zámery. Cenné papiere. Majetková a kapitálová štruktúra spoločnosti. Výnosy, náklady a zisk. Vývoj bilancie zdrojov a potrieb. 
610 2 0 |a Slovensko 
610 2 0 |a Matador, a.s. Púchov 
610 2 0 |a dlhopisy 
610 2 0 |a papiere cenné 
610 2 0 |a modernizácia technológie 
610 2 0 |a výroba 
610 2 0 |a inovácia 
610 2 0 |a emisia 
610 2 0 |a kapitál 
610 2 0 |a zisk podnikový 
610 2 0 |a náklady 
610 2 0 |a výnosy podnikové 
610 2 0 |a zdroje finančné 
610 2 0 |a štruktúra podniku finančná 
100 1 |a Žitňanský, Eduard 
700 1 |a Kukučka, J. 
700 1 |a Kšinský, J.